Trends in RFID technology and applications : (Record no. 7595)

MARC details
000 -LEADER
fixed length control field 00740 a2200181 4500
010 ## - LCCN (DPL NO)
LC control number ENG-88088
020 ## - INTERNATIONAL STANDARD BOOK NUMBER
International Standard Book Number 812020610X
Terms of availability 500.00
035 ## - SYSTEM CONTROL NUMBER
System control number EN-71621
037 ## - SOURCE OF ACQUISITION
Source of stock number/acquisition DBAD / PUB
082 14 - DEWEY DECIMAL CLASSIFICATION NUMBER
Classification number 624.38419
245 1# - TITLE STATEMENT
Title Trends in RFID technology and applications :
Statement of responsibility, etc edited by S.Swarn [and] G.S.Rao
Remainder of title papers presented at International Conference on emerging technologies in mobile communications (under the aegis of Smart Cards Expo 2006) September 7-8, 2006, New Delhi, India/
260 ## - PUBLICATION, DISTRIBUTION, ETC. (IMPRINT)
Place of publication, distribution, etc Delhi
Name of publisher, distributor, etc Ajanta Books International
Date of publication, distribution, etc 2006
270 ## - ADDRESS
Address 1, UB Jawahar Nagar, Bunglow Road,
City Delhi
Postal code 110 007.
300 ## - PHYSICAL DESCRIPTION
Extent 153 p.
Dimensions 24 cm (Hb
700 1# - ADDED ENTRY--PERSONAL NAME
Personal name Swarn, S.
700 1# - ADDED ENTRY--PERSONAL NAME
Personal name Rao, G.S.
942 ## - ADDED ENTRY ELEMENTS (KOHA)
Institution code [OBSOLETE] dpl
Item type English Books
Source of classification or shelving scheme Dewey Decimal Classification
Classification part 624.38419
Call number suffix TRE
Holdings
Withdrawn status Lost status Not for loan Collection code Home library Current library Source of acquisition Cost, normal purchase price Full call number Barcode Copy number Cost, replacement price Koha item type
    Not For Loan Non-fiction D.B.Act.Division D.B.Act.Division DBAD/PUB 500.00 624.38419 TRE EN-71621 1 500.00 English Books

© Delhi Public Library
Hit Counter
free hit counter